Madonna Charting Songs (Billboard Hot 100) - Statistics

General Stats
  • This quiz has been taken 234 times
    140 since last reset
  • The average score is 36 of 58
Answer Stats
Album Weeks On Peak Artist(s) Song % Correct
Like a Virgin 19 Weeks #1 (6 Weeks) Madonna Like a Virgin
99%
Like a Prayer 16 Weeks #1 (3 Weeks) Madonna Like a Prayer
98%
Ray of Light 20 Weeks #5 Madonna Ray of Light
93%
Music 24 Weeks #1 (4 Weeks) Madonna Music
90%
True Blue 16 Weeks #3 Madonna True Blue
90%
True Blue 17 Weeks #4 Madonna La Isla Bonita
88%
Who's That Girl 16 Weeks #1 (1 Week) Madonna Who's That Girl
88%
Confessions on a Dance Floor 20 Weeks #7 Madonna Hung Up
86%
I'm Breathless 24 Weeks #1 (3 Weeks) Madonna Vogue
86%
Like a Virgin 17 Weeks #2 Madonna Material Girl
85%
True Blue 18 Weeks #1 (2 Weeks) Madonna Papa Don't Preach
85%
Erotica 18 Weeks #3 Madonna Erotica
83%
Madonna 21 Weeks #16 Madonna Holiday
81%
Hard Candy 20 Weeks #3 Madonna ft. Justin Timberlake & Timbaland 4 Minutes
79%
Madonna 30 Weeks #10 Madonna Borderline
74%
Like a Prayer 16 Weeks #2 Madonna Express Yourself
74%
Evita 16 Weeks #8 Madonna Don't Cry For Me Argentina
73%
American Life 8 Weeks #37 Madonna American Life
72%
Ray of Light 20 Weeks #2 Madonna Frozen
70%
Like a Prayer 15 Weeks #2 Madonna Cherish
69%
True Blue 18 Weeks #1 (1 Week) Madonna Live to Tell
69%
Bedtime Stories 30 Weeks #1 (7 Weeks) Madonna Take a Bow
68%
Bedtime Stories 7 Weeks #42 Madonna Bedtime Story
66%
Die Another Day 17 Weeks #8 Madonna Die Another Day
66%
True Blue 18 Weeks #1 (1 Week) Madonna Open Your Heart
66%
Madonna 16 Weeks #4 Madonna Lucky Star
65%
The Next Best Thing 9 Weeks #29 Madonna American Pie
64%
Vision Quest 21 Weeks #1 (1 Week) Madonna Crazy for You
64%
Rebel Heart 2 Weeks #84 Madonna ft. Nicki Minaj Bitch I'm Madonna
63%
The Immaculate Collection 16 Weeks #1 (2 Weeks) Madonna Justify My Love
61%
Confessions on a Dance Floor 6 Weeks #58 Madonna Sorry
61%
Music 21 Weeks #4 Madonna Don't Tell Me
58%
Celebration 1 Week #71 Madonna Celebration
57%
Like a Virgin 16 Weeks #5 Madonna Dress You Up
57%
Non-Album Single 20 Weeks #1 (1 Week) Madonna This Used to Be My Playground
57%
Like a Virgin 17 Weeks #5 Madonna Angel
56%
In the Zone 13 Weeks #35 Britney Spears ft. Madonna Me Against the Music
56%
Bedtime Stories 22 Weeks #3 Madonna Secret
56%
Erotica 17 Weeks #7 Madonna Deeper and Deeper
51%
Erotica 20 Weeks #14 Madonna Rain
51%
Austin Powers: The Spy Who Shagged Me 19 Weeks #19 Madonna Beautiful Stranger
50%
Like a Prayer 13 Weeks #20 Madonna Oh Father
49%
Who's That Girl 18 Weeks #2 Madonna Causing a Commotion
47%
MDNA 6 Weeks #10 Madonna ft. Nicki Minaj & M.I.A. Give Me All Your Luvin'
47%
Ray of Light 19 Weeks #11 Madonna The Power of Good-Bye
47%
I'm Breathless 11 Weeks #10 Madonna Hanky Panky
46%
The Idol, Vol. 1 (Music from the HBO Original Series) 19 Weeks #43 The Weeknd, Playboi Carti & Madonna Popular
46%
Bedtime Stories 15 Weeks #46 Madonna Human Nature
45%
With Honors 26 Weeks #2 Madonna I'll Remember
45%
Ray of Light 2 Weeks #93 Madonna Nothing Really Matters
43%
Music 10 Weeks #23 Madonna What It Feels Like For a Girl
43%
Erotica 11 Weeks #36 Madonna Bad Girl
42%
Something to Remember 20 Weeks #6 Madonna You'll See
42%
The Immaculate Collection 8 Weeks #9 Madonna Rescue Me
40%
Like a Prayer 13 Weeks #8 Madonna Keep It Together
34%
Hard Candy 1 Week #57 Madonna Give It 2 Me
33%
Something to Remember 8 Weeks #78 Madonna Love Don't Live Here Anymore
33%
Evita 20 Weeks #18 Madonna You Must Love Me
33%
No matching quizzes found
Score Distribution
Percent of People with Each Score
Percentile by Number Answered
Your Score History
You have not taken this quiz since the last reset